[Event "GER-chT U14 Girls"]
[Site "Gross Doelln"]
[Date "2010.12.28"]
[Round "3.3"]
[White "Marx, Jasmin"]
[Black "Kluge, Leyla"]
[Result "0-1"]
[WhiteElo "1136"]
[BlackElo "1249"]
[PlyCount "168"]
[EventDate "2010.12.27"]
[EventType "team-swiss"]
[EventRounds "7"]
[EventCountry "GER"]
[SourceTitle "CBM 140 Extra"]
[Source "ChessBase"]
[SourceDate "2011.03.01"]
[SourceVersion "1"]
[SourceVersionDate "2011.03.01"]
[SourceQuality "1"]
[WhiteTeam "Welper SV"]
[BlackTeam "Chemnitz USG"]
[WhiteTeamCountry "GER"]
[BlackTeamCountry "GER"]

1. d4 d5 2. Nf3 Nf6 3. Bg5 Nc6 4. e3 Bf5 5. c3 e6 6. Bd3 Bxd3 7. Qxd3 Bd6 8. Nbd2 h6 9. Bh4 0-0 10. 0-0 Rc8 11. e4 Be7 12. Rfe1 Nxe4 13. Bxe7 Qxe7 14. Nxe4 dxe4 15. Qxe4 Rfe8 16. Rad1 Rcd8 17. Qg4 Qf6 18. Re4 Qf5 19. Rde1 Rd5 20. h3 Qxg4 21. Rxg4 Nb8 22. Re5 Nd7 23. Re2 Nf6 24. c4 Rdd8 25. Rg3 Nh5 26. Rg4 g5 27. Rge4 Nf6 28. Re5 Kg7 29. Rd2 c6 30. b3 Re7 31. Re3 Red7 32. Red3 c5 33. Kf1 cxd4 34. Rxd4 Rxd4 35. Rxd4 Rxd4 36. Nxd4 Ne4 37. Ke1 Kf6 38. a3 a6 39. Ke2 Nc5 40. b4 e5 41. Nf3 Nd7 42. Kd3 Kf5 43. c5 e4+ 44. Ke3 exf3 45. Kxf3 Ne5+ 46. Ke3 Nc4+ 47. Kd4 Nxa3 48. Kd5 Nb5 49. c6 bxc6+ 50. Kxc6 Nd4+ 51. Kb6 Nc2 52. Kc5 Ke4 53. Kc4 f5 54. Kc3 Na3 55. Kb3 Nb5 56. Kc4 h5 57. Kc5 Nd4 58. Kb6 Nc2 59. Kc5 h4 60. Kc4 g4 61. Kc3 Na3 62. Kd2 Nc4+ 63. Ke2 Ne5 64. Kd2 f4 65. Ke1 gxh3 66. gxh3 Kf3 67. Kf1 Nd3 68. Kg1 Nxf2 69. Kh2 Nxh3 70. Kxh3 Ke2 71. Kxh4 f3 72. Kg4 f2 73. Kf4 f1Q+ 74. Ke4 Qf6 75. Kd5 Kd3 76. Kc5 Qe5+ 77. Kc6 Kc4 78. Kd7 Qf6 79. Kc7 Qe6 80. b5 axb5 81. Kd8 Qf7 82. Kc8 Kc5 83. Kd8 Kc6 84. Kc8 Qc7# 0-1